000 00409nam a2200145Ia 4500
008 230917s9999||||xx |||||||||||||| ||und||
040 _e50706
_aMAIN
041 _aEnglish
082 _a823.709 J33R
100 _aJay, Elisabeth
245 0 _aReligion of the heart: Anglican evangelicalism and the nineteenth century novel
260 _aOxford
_bClarendon Press
_c1979
300 _ax, 297 p.
942 _cBK
999 _c215677
_d215677